Statistics for Zookeeper Characters

Click here to take the quiz!

General Stats

  • This quiz has been taken 6 times
  • The average score is 13 of 17

Answer Stats

Actor/ActressCharacter DescriptionCharacter% Correct
Judd ApatowAn Indian elephantBarry
100%
Nick NolteA Lowland gorillaBernie
100%
Faizon LoveA grizzly bearBruce
100%
Adam SandlerA capuchin monkeyDonald
100%
Kevin JamesThe lead zookeeperGriffin Keyes
100%
Sylvester StalloneThe male lionJoe
100%
Rosario DawsonGriffin's friend and the zoo's veterinarianKate
100%
Nat FaxonGriffin's brother who convinces him to to work at his car dealershipDave Keyes
67%
Joe RoganStephanie's alpha-male ex-boyfriendGale
67%
CherA lionessJanet
67%
Jon FavreauA grizzly bearJerome
67%
Maya RudolphA reticulated giraffeMollie
67%
Donnie WahlbergAn abusive zookeeperShane
67%
Leslie BibbGriffin's antagonistic love interest who turns down his marriage proposal because of the job he hasStephanie
67%
Ken JeongGriffin's friend and the worker at the reptile houseVenom
67%
Don RicklesA bullfrogJim
33%
Bas RuttenA wolfSebastian
33%

Score Distribution

Percentile by Number Answered

Percent of People with Each Score

Your Score History

You have not taken this quiz